Представление документа в формате MARC21

Поле Инд. ПП Название Значение
Тип записи a
Библиографический уровень a
001 Контрольный номер 8f976f67754f488693fdd3505e0ca9bf
005 Дата корректировки 20220926083824.3
040 a Служба первич. каталог. НБ ТвГУ
b Код языка каталог. rus
e Правила каталог. PSBO
041 0_ a Код языка текста rus
097 b Оператор Komarova.ES
100 1_ a Автор Груздева Л. П.
245 10 a Заглавие Анализ текстуры карты растительности Калининской области
260 a Место издания Калинин
b Издательство Калининский государственный университет
504 a Библиография Библиогр.: с. 53 (4 назв.)
520 0_ a Аннотация Статья посвящена анализу текстуры карты растительности Калининской области.
653 0_ a Ключевые слова Экология
a Ключевые слова Растительность
a Ключевые слова Территория
a Ключевые слова Москва, город
a Ключевые слова Землеустройство
a Ключевые слова Картографические модели
700 12 a Другие авторы Колдашов В. Н.
773 18 w Контрольный № источника RU/IS/BASE/448384713
t Название источника Флора и растительность южной тайги
d Место и дата издания Калинин : Калининский государственный университет, 1989
g Прочая информация С. 47-53
901 t Тип документа a
920 a Оператор Кома
954 b Дата поступления в ОК 20220926